| 000 | 00466nab a2200145Ia 4500 | ||
|---|---|---|---|
| 003 | ES-SlBCS | ||
| 005 | 20210601124306.0 | ||
| 008 | 140529s1977 xxu||||| |||| 00| 0 eng d | ||
| 041 | _aeng | ||
| 100 | 1 |
_aOscanyan, Frederick S. _9139256 |
|
| 245 | 0 | 0 |
_aHow can I Teach my Students to Learn on their Own? _c Frederick S. Oscanyan |
| 650 | 0 | 4 |
_aEstudiantes-Aprendizaje _9139257 |
| 773 | 0 |
_tEducational Theory _gvol. 27, nº. 1, 1977, págs. 76-79 _wRev1399 |
|
| 942 | _cAR | ||
| 999 |
_c512415 _d512415 |
||